[Event "Karl Mala Memorial op 08th"]
[Site "Frankfurt"]
[Date "2004.07.23"]
[Round "2"]
[White "Trautwein, Stefan"]
[Black "Menning, Uwe"]
[Result "1-0"]
[WhiteElo "1660"]
[BlackElo "1807"]
[PlyCount "67"]
[EventDate "2004.07.22"]
[EventType "swiss"]
[EventRounds "7"]
[EventCountry "GER"]
[SourceTitle "EXT 2005"]
[Source "ChessBase"]
[SourceDate "2004.11.15"]
[SourceVersion "1"]
[SourceVersionDate "2004.11.15"]
[SourceQuality "1"]

1. e4 c6 2. d4 d5 3. Nc3 dxe4 4. Nxe4 Bf5 5. Ng3 Bg6 6. Nf3 Nd7 7. Be2 e6 8. 0-0 Ngf6 9. Bg5 Be7 10. c3 0-0 11. Nh4 Nd5 12. Nxg6 hxg6 13. Bxe7 Qxe7 14. Qd2 Qh4 15. Bf3 N7f6 16. Rae1 Rad8 17. Ne4 Qf4 18. Qxf4 Nxf4 19. Rd1 Nxe4 20. Bxe4 Rd7 21. g3 Nd5 22. Bxd5 cxd5 23. f4 b5 24. a3 a5 25. g4 b4 26. axb4 axb4 27. Rf3 bxc3 28. Rxc3 Rb8 29. Rb1 Rb4 30. Rd3 Rc7 31. b3 Rc2 32. Ra1 Re2 33. Ra8+ Kh7 34. Rh3# 1-0

[Event "Rhein Main op 07th"]
[Site "Bad Homburg"]
[Date "2004.06.12"]
[Round "5.37"]
[White "Fussnecker, Manfred"]
[Black "Trautwein, Stefan"]
[Result "1-0"]
[WhiteElo "1772"]
[BlackElo "1676"]
[PlyCount "61"]
[EventDate "2004.06.09"]
[EventType "swiss"]
[EventRounds "7"]
[EventCountry "GER"]
[SourceTitle "CBM 100 Extra"]
[Source "ChessBase"]
[SourceDate "2004.07.06"]
[SourceVersion "2"]
[SourceVersionDate "2004.07.06"]
[SourceQuality "1"]

1. e4 e6 2. d4 d5 3. Nc3 Bb4 4. e5 c5 5. a3 Bxc3+ 6. bxc3 Ne7 7. Qg4 0-0 8. Nf3 Qa5 9. Bd2 c4 10. h4 Nbc6 11. h5 f5 12. exf6 Rxf6 13. Ne5 Nxe5 14. dxe5 Rf7 15. Rh3 Bd7 16. Bg5 Nf5 17. h6 g6 18. Bf6 Nxh6 19. Qf4 Nf5 20. g4 Ng7 21. Qh6 Ne8 22. Qxg6+ Kf8 23. Qh6+ Kg8 24. g5 Nxf6 25. exf6 e5 26. g6 Bxh3 27. gxf7+ Kxf7 28. Qg7+ Ke6 29. Bxh3+ Kd6 30. Qe7+ Kc6 31. Bd7+ 1-0

[Event "Rhein Main op 07th"]
[Site "Bad Homburg"]
[Date "2004.06.12"]
[Round "6.51"]
[White "Trautwein, Stefan"]
[Black "Boeckler, Erwin HO"]
[Result "1-0"]
[WhiteElo "1676"]
[BlackElo "1410"]
[PlyCount "87"]
[EventDate "2004.06.09"]
[EventType "swiss"]
[EventRounds "7"]
[EventCountry "GER"]
[SourceTitle "CBM 100 Extra"]
[Source "ChessBase"]
[SourceDate "2004.07.06"]
[SourceVersion "2"]
[SourceVersionDate "2004.07.06"]
[SourceQuality "1"]

1. e4 c5 2. Nf3 g6 3. Bc4 Bg7 4. 0-0 e6 5. Nc3 a6 6. a4 Nc6 7. d3 Nge7 8. Be3 b6 9. d4 d5 10. exd5 exd5 11. Be2 c4 12. Re1 Be6 13. Nb1 Nf5 14. c3 Nxe3 15. fxe3 0-0 16. Nbd2 Ne7 17. e4 b5 18. exd5 Nxd5 19. Bf1 Bg4 20. h3 Bf5 21. Ne4 h6 22. Nc5 Nf4 23. g4 Bd7 24. axb5 Bxb5 25. Qd2 Qc7 26. Re4 g5 27. Rae1 Ng6 28. Bg2 Qg3 29. Qf2 Qxf2+ 30. Kxf2 f5 31. gxf5 Rxf5 32. Kg3 Nf4 33. Ne6 Ra7 34. Nxf4 gxf4+ 35. Rxf4 Rxf4 36. Kxf4 Rf7+ 37. Kg3 Kf8 38. Ne5 Bxe5+ 39. Rxe5 Kg7 40. Bd5 Rf6 41. Re6 Rf1 42. Re7+ Kf6 43. Rf7+ Kg6 44. Rxf1 1-0

[Event "Rhein Main op 07th"]
[Site "Bad Homburg"]
[Date "2004.06.10"]
[Round "3.34"]
[White "Lebermann, Hellmuth"]
[Black "Trautwein, Stefan"]
[Result "1-0"]
[WhiteElo "1931"]
[BlackElo "1676"]
[PlyCount "39"]
[EventDate "2004.06.09"]
[EventType "swiss"]
[EventRounds "7"]
[EventCountry "GER"]
[SourceTitle "CBM 100 Extra"]
[Source "ChessBase"]
[SourceDate "2004.07.06"]
[SourceVersion "2"]
[SourceVersionDate "2004.07.06"]
[SourceQuality "1"]

1. e4 e6 2. c4 d5 3. cxd5 exd5 4. exd5 Qxd5 5. Nc3 Qd8 6. Nf3 Nf6 7. Bc4 Be7 8. 0-0 0-0 9. d4 Bg4 10. Re1 Bb4 11. Bg5 Nbd7 12. Re4 Qc8 13. Re3 Nb6 14. Bb3 Bxc3 15. Bxf6 Bxb2 16. Rb1 Ba3 17. Bh4 Bd6 18. Bc2 Nc4 19. Qd3 Bf5 20. Qxc4 1-0

[Event "Rhein Main op 07th"]
[Site "Bad Homburg"]
[Date "2004.06.09"]
[Round "1.19"]
[White "Czech, Ludwig"]
[Black "Trautwein, Stefan"]
[Result "1-0"]
[WhiteElo "2012"]
[BlackElo "1676"]
[PlyCount "65"]
[EventDate "2004.06.09"]
[EventType "swiss"]
[EventRounds "7"]
[EventCountry "GER"]
[SourceTitle "CBM 100 Extra"]
[Source "ChessBase"]
[SourceDate "2004.07.06"]
[SourceVersion "2"]
[SourceVersionDate "2004.07.06"]
[SourceQuality "1"]

1. c4 e5 2. g3 Nf6 3. Bg2 d5 4. cxd5 Nxd5 5. Nf3 Nc6 6. 0-0 Be7 7. d4 exd4 8. Nxd4 Nxd4 9. Qxd4 Nf6 10. Qa4+ Qd7 11. Qc2 0-0 12. Rd1 Qe6 13. Qxc7 Qxe2 14. Nc3 Ne8 15. Qa5 Qg4 16. Be3 Bb4 17. Qe5 Bxc3 18. Qxc3 Nf6 19. Rd4 Qe6 20. b3 Qa6 21. Ra4 Qe6 22. Rd4 Ng4 23. Bf4 Qe2 24. Rf1 Qxa2 25. Ra4 Qe2 26. Bf3 Qe6 27. Bxg4 Qxg4 28. Bd6 Qh5 29. Rh4 Qd5 30. Bxf8 Kxf8 31. Rxh7 f6 32. Rh8+ Kf7 33. Rxc8 1-0